| 000 | 00673nam a2200229Ia 4500 | ||
|---|---|---|---|
| 003 | BUBTL | ||
| 008 | 151213s9999 xx 000 0 und d | ||
| 020 | _a0415104548 | ||
| 082 | _a820.9001/ B3268i/ 1967 | ||
| 100 |
_94869 _aBaugh, Albert C. |
||
| 245 |
_aA literary history of England (Vol-iii) : _bThe restoration & eighteenth century / _cAlbert C. Baugh |
||
| 250 | _a2nd | ||
| 260 |
_aLondon _bRoutledge _cc1967 |
||
| 300 |
_a700-1108p. : _b23 cm |
||
| 500 | _aIncludes Index | ||
| 650 |
_a English Literature _94873 |
||
| 650 | _a | ||
| 700 |
_aAlbert C. Baugh _94871 |
||
| 856 |
_k0 _l0 _yDownload |
||
| 942 |
_2ddc _cBK |
||
| 999 |
_c1261 _d1261 |
||